00978cam a22002412 450000100060000000300080000600500170001400800390003103500190007004000370008904100080012608200150013410000550014924501180020425000580032226000670038030000570044765000220050465000370052694200120056399900170057595201440059213088BD-RjUL20211208235413.0140130s1932 xx 000 0 eng a(BD-RjUL)13138 aDLCcFQGdSERdEQOdBD-RjULbeng aeng a691.7bKED1 aKetchum, Milo S.q(Milo Smith),d1872-1934.94077304aThe design of steel mill buildings and the calculation of stresses in framed structures /cby Milo S. Ketchum ... a5th ed., [1st thousand, total issue, 24 thousand ...] aNew York and London :bMcGraw Hill book company, inc.,cc1932. axx, 632 p. :billus., diagrs. (part fold.) ;c23 cm. 0aFactories.940774 0aBuilding, Iron and steel.940775 2ddccBK c13088d13088 00102ddc40708NFICaRUCLbRUCLcReadingd1964-09-22easian foundationg0.00l0o691.7 KED 1932r2014-01-30 00:00:00tC-1w2021-12-08yBK